| 000 | 02710cam a2200349 i 4500 | ||
|---|---|---|---|
| 001 | 768714001 | ||
| 003 | CO-MdFUSB | ||
| 005 | 20220630153811.0 | ||
| 007 | ta | ||
| 008 | 090413t20092009miu b 000 0 eng | ||
| 010 | _a2009015432 | ||
| 020 | _a0802862810 | ||
| 040 |
_aDLC _cCO-MdFUSB _dBTCTA _dC#P _dBWX _dKAT _dCDX _dYDXCP _dVUT _dCAP _dUtOrBLW _bspa _erda |
||
| 041 | _aeng | ||
| 082 |
_223 _a230.04624 _bSP759 |
||
| 245 | 0 | 4 |
_aThe Spirit in the world : _bemerging pentecostal theologies in global contexts _c/ editado por Veli-Matti Karkkainen. |
| 264 | 1 |
_aGrand Rapids, Mich. : _bWilliam B. Eerdmans Pub. Co., _c[2009] |
|
| 264 | 4 | _c2009. | |
| 300 |
_a248 páginas ; _c23 cm. |
||
| 336 |
_atexto _btxt _2rdacontent. |
||
| 337 |
_asin mediación _bn _2rdamedia. |
||
| 338 |
_avolumen _bnc _2rdacarrier. |
||
| 504 | _aIncluye referencias bibliográficas. | ||
| 505 | 0 | 0 |
_tBautizados en el Espíritu: hacia una teología global del bautismo en el Espíritu / _rFrank D. Macchia -- _tCuración divina, reavivamientos religiosos y pentecostalismo contemporáneo: una perspectiva norteamericana _rMargaret M. Poloma -- _t"Cuando los pobres están encendidos": el papel de la pneumatología en la misión pentecostal/carismática / _rWonsuk Ma -- _tUna imaginación moral : Pentecostales y preocupación social en América Latina / _rDouglas Petersen -- _tUn Dios, un Espíritu, dos memorias: una lectura poscolonial del encuentro entre el pentecostalismo occidental y el pentecostalismo nativo en Kerala / _rPaulson Pulikottil -- _tPentecostalismo desde abajo: liberación Minjung y teología pentecostal asiática / _rKoo Dong Yun -- _tSantos santificados, profetisas impuras: un estudio transcultural de género y poder en dos iglesias afrocristianas que privilegian el espíritu / _rDeidre Helen Crumbley -- _tSankofa : Pentecostalismo y patrimonio cultural africano / _rOgbu U. Kalu -- _tPneumatología pentecostal de las religiones: la contribución del pentecostalismo a nuestra comprensión de la obra del Espíritu de Dios en el mundo / _rVeli-Matti Karkkainen -- _tLa liberación como forma de confrontar la brujería en el África contemporánea: Ghana como estudio de caso / _rOpoku Onyinah -- _tDe la calle Azusa al árbol Bo y viceversa: balbuceos extraños e interpretaciones interreligiosas en el encuentro pentecostal con el budismo _rAmos Yong -- _tOptimismo de la era de Azusa: el obispo J.H. La teología pentecostal de las religiones de King como posible paradigma para la actualidad. _rTony Richie. |
| 563 | _aRústico | ||
| 650 | 0 |
_aPentecostalismo _9142 |
|
| 653 | _aIglesia pentecostal | ||
| 700 | 1 |
_aKarkkainen, Veli-Matti. _eeditor |
|
| 942 | _cBK | ||
| 945 | _aJTF-925 | ||
| 999 |
_c67528 _d67528 |
||